Normal view
MARC view
Entry Topical Term
001 - CONTROL NUMBER
- control field: 45268
003 - CONTROL NUMBER IDENTIFIER
- control field: ARRUPE
005 - DATE AND TIME OF LATEST TRANSACTION
- control field: 20190319090744.0
008 - FIXED-LENGTH DATA ELEMENTS
- fixed length control field: 190319|| aca||aabn | a|a d
040 ## - CATALOGING SOURCE
- Original cataloging agency: ARRUPE
- Transcribing agency: ARRUPE
150 ## - HEADING--TOPICAL TERM
- Topical term or geographic name as entry element: Bible
- General subdivision: Introductions
670 ## - SOURCE DATA FOUND
- Source citation: Work cat.: (ARRUPE)65007: Pastoral Centre Z. C. B. C. 45267, The holy bible